| 000 | 00733nam a2200277I 4500 | ||
|---|---|---|---|
| 999 |
_c8938 _d8938 |
||
| 001 | 8938 | ||
| 003 | BD - JhCC | ||
| 005 | 20180621131722.0 | ||
| 008 | 830617s1966 nyua 000 0 eng d | ||
| 035 | _a(BD - JhCC)8938 | ||
| 035 | _a(OCoLC)09615618 | ||
| 035 | _aGLIS00553214 | ||
| 040 |
_aCLS _cCLS _dm/c _dRCD _dBD - JhCC |
||
| 041 | _aeng | ||
| 082 |
_bHAQ 1966 _a512 |
||
| 090 |
_aQA303 _b.K23 |
||
| 099 | _aQA303.K23 | ||
| 100 | 1 | _aHaq, A K M | |
| 245 | 1 | 0 |
_aIntermediate Algebra and Calculus / _cA K M Haq |
| 260 |
_a[Cambridge, Mass.?, _cc1966] |
||
| 300 |
_avarious pages. _bill. ; _c23 cm. |
||
| 650 | 0 | _aAlgebras, Linear. | |
| 650 | 0 | _aCalculus. | |
| 942 |
_2ddc _cBK |
||